| 000 | 01199cam a22003617a 4500 | ||
|---|---|---|---|
| 003 | CHAP | ||
| 005 | 20220817042316.0 | ||
| 008 | 971013s1972 r 00010 d | ||
| 010 | _a40354 | ||
| 011 | _a41326 | ||
| 035 | _a45452 | ||
| 040 | _cCHAP | ||
| 090 | _aTesis | ||
| 100 | 0 | 0 |
_aMoreno Ramos, Oscar Humberto. _978687 |
| 245 | 1 | 4 | _aLas asociaciones de maíz y frijol, un uso alternativo de la tierra |
| 260 |
_aChapingo, Méx. : _bEl autor, _c(1972) |
||
| 300 |
_a80 h. _b; mapa |
||
| 502 | _aTesis (M.C. Espe. en Suelos) -- ENA. Colegio de Postgraduados. Rama de Suelos | ||
| 590 |
_aALEPH _b10 _c20130110 _lUCH01 _h1309 |
||
| 590 |
_aBATCH-UPD _b10 _c20130110 _lUCH01 _h1442 |
||
| 590 |
_aBATCH-UPD _b10 _c20130410 _lUCH01 _h0913 |
||
| 590 |
_aBATCH-UPD _b10 _c20130914 _lUCH01 _h1438 |
||
| 590 |
_aCONVERSION _b10 _c20130109 _lUCH01 _h1322 |
||
| 650 | 1 | 4 |
_aFrijol. _943319 |
| 650 | 1 | 4 |
_aMaíz _zPuebla. |
| 650 | 1 | 4 |
_aRotación de cultivos _xCereales. _9100246 |
| 650 | 1 | 4 |
_aSuelos _xConservación. _9110283 |
| 901 | _aBK | ||
| 942 | _cFOLL | ||
| 949 |
_bBC _cTES _d-103803 _eTS1 _i45452 _si |
||
| 949 |
_bBC _cTES _d-103804 _eTS2 _fc.2 _i45452 _si |
||
| 949 |
_bBC _cTES _d-103806 _eTS2 _fc.3 _i45452 _si |
||
| 999 |
_c40354 _d40354 |
||